000 00552cam a22002171 4500
001 7813932
005 20180220082733.0
008 760505s1931 xx 000 0 eng
010 _a 31019661
035 _a(OCoLC)2157612
040 _aDLC
_cOTU
_dOCoLC
_dDLC
041 _aeng
042 _apremarc
080 _a372.4 DOL
082 _a372.4 DOL
100 1 _a49
101 _aPSI
245 1 4 _aThe psychology and teaching of reading,
_cby Edward William Dolch.
906 _a7
_bcbc
_coclcrpl
_du
_encip
_f19
_gy-gencatlg
942 _2ddc
_cBK
999 _c42934
_d42934